000 00865cam a22002771a 4500
001 gs 42000253
003 DLC
005 20260227111348.0
008 780331s1942 arua b s001 0 eng
010 _ags 42000253
035 _a(OCoLC)3765728
040 _aDLC
_cArCCA
_dArCCA
_dDI
_dDLC
042 _apremarc
043 _an-us-ar
050 0 0 _aQE87
_b.A2 no. 9
082 _a(557.67) 622.007
100 1 _aSmith, George Rose.
245 1 0 _aArkansas mining and mineral law /
_cby George Rose Smith.
260 _aLittle Rock :
_bState of Arkansas, Arksansas Geological Survey,
_c1942.
300 _a120 p. :
_bill. ;
_c23 cm.
490 1 _aBulletin ;
_v9
504 _aIncludes bibliographical references and index.
650 0 _aMining law
_zArkansas.
710 2 _aArkansas Geological Survey.
830 0 _aBulletin (Arkansas Geological Survey) ;
_v9.
999 _c27833
_d27833